00381 2200169 4500245002900000020002200029250001100051100000900062700001700071700001000088650001700098005001900115260004100134041001400175084001300189336000900202 aMagic BakerycMiewhText a978-602-04-0154-6 aCet. 1 aMiew aNety Simpony aVonny aKomik Remaja a20250123083139 aJakartabElex Media Komputindoc2017 aIndonesia a741.5592 atext